{"text_format":"3","workbook":"xlsx","n_sheets":6,"sheets":["Cahier d'épandage","Parcelles","Fertilisants","Synthèse","Notice","Paramètres"],"not_rendered":{"charts":1},"read":"whole","date_system":"1900"}

{"sheet":"Cahier d'épandage","index":0,"n_rows":43,"n_cols":19,"rows_kept":43,"merged":[[0,0,0,18],[1,0,1,18]]}
["CAHIER D'ÉPANDAGE — ENREGISTREMENT DES APPORTS"]
["Une ligne par passage. Colonnes vertes = saisie · colonnes grises = calcul automatique"]
["N°","Date d'épandage","Réf. îlot","Culture","Surface épandue (ha)","Produit épandu","Catégorie","Type","Dose / ha","Unité","Teneur en N (kg/unité)","Azote apporté /ha (kg N/ha)","Azote total (kg N)","Prix unit. (€/unité)","Coût de l'apport (€)","Conditions du sol","Matériel","Opérateur","Observations"]
[1,"2027-02-12","ÎL-01",{"$f":"IFERROR(INDEX(Parcelles!$E:$E,MATCH($C4,Parcelles!$A:$A,0)),\"\")","v":"Blé tendre d'hiver"},{"v":12.4,"d":"12.40"},"Ammonitrate 33,5 %",{"$f":"IFERROR(INDEX(Fertilisants!$C:$C,MATCH($F4,Fertilisants!$B:$B,0)),\"\")","v":"Minéral"},{"$f":"IFERROR(INDEX(Fertilisants!$D:$D,MATCH($F4,Fertilisants!$B:$B,0)),\"\")","v":"Minéral"},{"v":150,"d":"150.0"},{"$f":"IFERROR(INDEX(Fertilisants!$E:$E,MATCH($F4,Fertilisants!$B:$B,0)),\"\")","v":"kg"},{"$f":"IFERROR(INDEX(Fertilisants!$F:$F,MATCH($F4,Fertilisants!$B:$B,0)),\"\")","v":0.335},{"$f":"IF(OR($I4=\"\",$K4=\"\"),\"\",$I4*$K4)","v":{"v":50.25,"d":"50.3"}},{"$f":"IF(OR($L4=\"\",$E4=\"\"),\"\",$L4*$E4)","v":{"v":623.1,"d":"623"}},{"$f":"IFERROR(INDEX(Fertilisants!$G:$G,MATCH($F4,Fertilisants!$B:$B,0)),\"\")","v":{"v":0.42,"d":"0.42 €"}},{"$f":"IF(OR($I4=\"\",$E4=\"\",$N4=\"\"),\"\",$I4*$E4*$N4)","v":{"v":781.1999999999999,"d":"781.20 €"}},"Sol ressuyé","Distributeur centrifuge","J. Martin","1er apport blé"]
[2,"2027-03-18","ÎL-01",{"$f":"IFERROR(INDEX(Parcelles!$E:$E,MATCH($C5,Parcelles!$A:$A,0)),\"\")","v":"Blé tendre d'hiver"},{"v":12.4,"d":"12.40"},"Ammonitrate 33,5 %",{"$f":"IFERROR(INDEX(Fertilisants!$C:$C,MATCH($F5,Fertilisants!$B:$B,0)),\"\")","v":"Minéral"},{"$f":"IFERROR(INDEX(Fertilisants!$D:$D,MATCH($F5,Fertilisants!$B:$B,0)),\"\")","v":"Minéral"},{"v":130,"d":"130.0"},{"$f":"IFERROR(INDEX(Fertilisants!$E:$E,MATCH($F5,Fertilisants!$B:$B,0)),\"\")","v":"kg"},{"$f":"IFERROR(INDEX(Fertilisants!$F:$F,MATCH($F5,Fertilisants!$B:$B,0)),\"\")","v":0.335},{"v":43.550000000000004,"d":"43.6"},{"v":540.0200000000001,"d":"540"},{"$f":"IFERROR(INDEX(Fertilisants!$G:$G,MATCH($F5,Fertilisants!$B:$B,0)),\"\")","v":{"v":0.42,"d":"0.42 €"}},{"v":677.04,"d":"677.04 €"},"Sol sec","Distributeur centrifuge","J. Martin","2e apport blé"]
[3,"2027-08-30","ÎL-01",{"$f":"IFERROR(INDEX(Parcelles!$E:$E,MATCH($C6,Parcelles!$A:$A,0)),\"\")","v":"Blé tendre d'hiver"},{"v":12.4,"d":"12.40"},"Fumier de bovins",{"$f":"IFERROR(INDEX(Fertilisants!$C:$C,MATCH($F6,Fertilisants!$B:$B,0)),\"\")","v":"Organique"},{"$f":"IFERROR(INDEX(Fertilisants!$D:$D,MATCH($F6,Fertilisants!$B:$B,0)),\"\")","v":"I"},{"v":20,"d":"20.0"},{"$f":"IFERROR(INDEX(Fertilisants!$E:$E,MATCH($F6,Fertilisants!$B:$B,0)),\"\")","v":"t"},{"$f":"IFERROR(INDEX(Fertilisants!$F:$F,MATCH($F6,Fertilisants!$B:$B,0)),\"\")","v":{"v":5,"d":"5.000"}},{"v":100,"d":"100.0"},{"v":1240,"d":"1,240"},{"$f":"IFERROR(INDEX(Fertilisants!$G:$G,MATCH($F6,Fertilisants!$B:$B,0)),\"\")","v":{"v":8,"d":"8.00 €"}},{"v":1984,"d":"1,984.00 €"},"Sol sec","Épandeur à fumier","P. Dubois","Avant implantation culture suivante"]
[4,"2027-08-22","ÎL-02",{"$f":"IFERROR(INDEX(Parcelles!$E:$E,MATCH($C7,Parcelles!$A:$A,0)),\"\")","v":"Maïs grain"},8.75,"Lisier de bovins",{"$f":"IFERROR(INDEX(Fertilisants!$C:$C,MATCH($F7,Fertilisants!$B:$B,0)),\"\")","v":"Organique"},{"$f":"IFERROR(INDEX(Fertilisants!$D:$D,MATCH($F7,Fertilisants!$B:$B,0)),\"\")","v":"II"},{"v":30,"d":"30.0"},{"$f":"IFERROR(INDEX(Fertilisants!$E:$E,MATCH($F7,Fertilisants!$B:$B,0)),\"\")","v":"m³"},{"$f":"IFERROR(INDEX(Fertilisants!$F:$F,MATCH($F7,Fertilisants!$B:$B,0)),\"\")","v":{"v":3,"d":"3.000"}},{"v":90,"d":"90.0"},{"v":787.5,"d":"788"},{"$f":"IFERROR(INDEX(Fertilisants!$G:$G,MATCH($F7,Fertilisants!$B:$B,0)),\"\")","v":{"v":4.5,"d":"4.50 €"}},{"v":1181.25,"d":"1,181.25 €"},"Sol frais","Tonne à lisier à pendillards","P. Dubois","Épandage sur maïs"]
[5,"2027-04-15","ÎL-02",{"$f":"IFERROR(INDEX(Parcelles!$E:$E,MATCH($C8,Parcelles!$A:$A,0)),\"\")","v":"Maïs grain"},8.75,"Urée 46 %",{"$f":"IFERROR(INDEX(Fertilisants!$C:$C,MATCH($F8,Fertilisants!$B:$B,0)),\"\")","v":"Minéral"},{"$f":"IFERROR(INDEX(Fertilisants!$D:$D,MATCH($F8,Fertilisants!$B:$B,0)),\"\")","v":"Minéral"},{"v":120,"d":"120.0"},{"$f":"IFERROR(INDEX(Fertilisants!$E:$E,MATCH($F8,Fertilisants!$B:$B,0)),\"\")","v":"kg"},{"$f":"IFERROR(INDEX(Fertilisants!$F:$F,MATCH($F8,Fertilisants!$B:$B,0)),\"\")","v":{"v":0.46,"d":"0.460"}},55.2,483,{"$f":"IFERROR(INDEX(Fertilisants!$G:$G,MATCH($F8,Fertilisants!$B:$B,0)),\"\")","v":{"v":0.55,"d":"0.55 €"}},{"v":577.5,"d":"577.50 €"},"Sol ressuyé","Distributeur centrifuge","J. Martin"]
[6,"2027-02-20","ÎL-03",{"$f":"IFERROR(INDEX(Parcelles!$E:$E,MATCH($C9,Parcelles!$A:$A,0)),\"\")","v":"Prairie permanente"},{"v":5.2,"d":"5.20"},"Fumier de bovins",{"$f":"IFERROR(INDEX(Fertilisants!$C:$C,MATCH($F9,Fertilisants!$B:$B,0)),\"\")","v":"Organique"},{"$f":"IFERROR(INDEX(Fertilisants!$D:$D,MATCH($F9,Fertilisants!$B:$B,0)),\"\")","v":"I"},{"v":25,"d":"25.0"},{"$f":"IFERROR(INDEX(Fertilisants!$E:$E,MATCH($F9,Fertilisants!$B:$B,0)),\"\")","v":"t"},{"$f":"IFERROR(INDEX(Fertilisants!$F:$F,MATCH($F9,Fertilisants!$B:$B,0)),\"\")","v":{"v":5,"d":"5.000"}},{"v":125,"d":"125.0"},650,{"$f":"IFERROR(INDEX(Fertilisants!$G:$G,MATCH($F9,Fertilisants!$B:$B,0)),\"\")","v":{"v":8,"d":"8.00 €"}},{"v":1040,"d":"1,040.00 €"},"Sol ressuyé","Épandeur à fumier","P. Dubois","Prairie de fauche"]
[7,"2027-03-10","ÎL-04",{"$f":"IFERROR(INDEX(Parcelles!$E:$E,MATCH($C10,Parcelles!$A:$A,0)),\"\")","v":"Orge de printemps"},{"v":9.6,"d":"9.60"},"Solution azotée 39 %",{"$f":"IFERROR(INDEX(Fertilisants!$C:$C,MATCH($F10,Fertilisants!$B:$B,0)),\"\")","v":"Minéral"},{"$f":"IFERROR(INDEX(Fertilisants!$D:$D,MATCH($F10,Fertilisants!$B:$B,0)),\"\")","v":"Minéral"},{"v":140,"d":"140.0"},{"$f":"IFERROR(INDEX(Fertilisants!$E:$E,MATCH($F10,Fertilisants!$B:$B,0)),\"\")","v":"kg"},{"$f":"IFERROR(INDEX(Fertilisants!$F:$F,MATCH($F10,Fertilisants!$B:$B,0)),\"\")","v":{"v":0.39,"d":"0.390"}},54.6,{"v":524.16,"d":"524"},{"$f":"IFERROR(INDEX(Fertilisants!$G:$G,MATCH($F10,Fertilisants!$B:$B,0)),\"\")","v":{"v":0.48,"d":"0.48 €"}},{"v":645.12,"d":"645.12 €"},"Sol frais","Rampe à buses","J. Martin"]
[8,"2027-08-28","ÎL-05",{"$f":"IFERROR(INDEX(Parcelles!$E:$E,MATCH($C11,Parcelles!$A:$A,0)),\"\")","v":"Colza d'hiver"},{"v":15.3,"d":"15.30"},"Fumier de volailles",{"$f":"IFERROR(INDEX(Fertilisants!$C:$C,MATCH($F11,Fertilisants!$B:$B,0)),\"\")","v":"Organique"},{"$f":"IFERROR(INDEX(Fertilisants!$D:$D,MATCH($F11,Fertilisants!$B:$B,0)),\"\")","v":"II"},{"v":9,"d":"9.0"},{"$f":"IFERROR(INDEX(Fertilisants!$E:$E,MATCH($F11,Fertilisants!$B:$B,0)),\"\")","v":"t"},{"$f":"IFERROR(INDEX(Fertilisants!$F:$F,MATCH($F11,Fertilisants!$B:$B,0)),\"\")","v":{"v":20,"d":"20.000"}},{"v":180,"d":"180.0"},{"v":2754,"d":"2,754"},{"$f":"IFERROR(INDEX(Fertilisants!$G:$G,MATCH($F11,Fertilisants!$B:$B,0)),\"\")","v":{"v":15,"d":"15.00 €"}},{"v":2065.5000000000005,"d":"2,065.50 €"},"Sol sec","Épandeur à fumier","P. Dubois","Avant semis colza"]
[9,"2027-09-12","ÎL-05",{"$f":"IFERROR(INDEX(Parcelles!$E:$E,MATCH($C12,Parcelles!$A:$A,0)),\"\")","v":"Colza d'hiver"},{"v":15.3,"d":"15.30"},"Ammonitrate 33,5 %",{"$f":"IFERROR(INDEX(Fertilisants!$C:$C,MATCH($F12,Fertilisants!$B:$B,0)),\"\")","v":"Minéral"},{"$f":"IFERROR(INDEX(Fertilisants!$D:$D,MATCH($F12,Fertilisants!$B:$B,0)),\"\")","v":"Minéral"},{"v":60,"d":"60.0"},{"$f":"IFERROR(INDEX(Fertilisants!$E:$E,MATCH($F12,Fertilisants!$B:$B,0)),\"\")","v":"kg"},{"$f":"IFERROR(INDEX(Fertilisants!$F:$F,MATCH($F12,Fertilisants!$B:$B,0)),\"\")","v":0.335},20.1,{"v":307.53000000000003,"d":"308"},{"$f":"IFERROR(INDEX(Fertilisants!$G:$G,MATCH($F12,Fertilisants!$B:$B,0)),\"\")","v":{"v":0.42,"d":"0.42 €"}},{"v":385.56,"d":"385.56 €"},"Sol ressuyé","Distributeur centrifuge","J. Martin","Apport colza automne"]
[10,"2027-04-25","ÎL-06",{"$f":"IFERROR(INDEX(Parcelles!$E:$E,MATCH($C13,Parcelles!$A:$A,0)),\"\")","v":"Tournesol"},6.85,"Engrais NPK 15-10-10",{"$f":"IFERROR(INDEX(Fertilisants!$C:$C,MATCH($F13,Fertilisants!$B:$B,0)),\"\")","v":"Minéral"},{"$f":"IFERROR(INDEX(Fertilisants!$D:$D,MATCH($F13,Fertilisants!$B:$B,0)),\"\")","v":"Minéral"},{"v":200,"d":"200.0"},{"$f":"IFERROR(INDEX(Fertilisants!$E:$E,MATCH($F13,Fertilisants!$B:$B,0)),\"\")","v":"kg"},{"$f":"IFERROR(INDEX(Fertilisants!$F:$F,MATCH($F13,Fertilisants!$B:$B,0)),\"\")","v":{"v":0.15,"d":"0.150"}},{"v":30,"d":"30.0"},{"v":205.5,"d":"206"},{"$f":"IFERROR(INDEX(Fertilisants!$G:$G,MATCH($F13,Fertilisants!$B:$B,0)),\"\")","v":{"v":0.6,"d":"0.60 €"}},{"v":822,"d":"822.00 €"},"Sol sec","Distributeur centrifuge","J. Martin"]
[11,"2027-03-02","ÎL-07",{"$f":"IFERROR(INDEX(Parcelles!$E:$E,MATCH($C14,Parcelles!$A:$A,0)),\"\")","v":"Blé tendre d'hiver"},{"v":11.1,"d":"11.10"},"Lisier de porcins",{"$f":"IFERROR(INDEX(Fertilisants!$C:$C,MATCH($F14,Fertilisants!$B:$B,0)),\"\")","v":"Organique"},{"$f":"IFERROR(INDEX(Fertilisants!$D:$D,MATCH($F14,Fertilisants!$B:$B,0)),\"\")","v":"II"},{"v":35,"d":"35.0"},{"$f":"IFERROR(INDEX(Fertilisants!$E:$E,MATCH($F14,Fertilisants!$B:$B,0)),\"\")","v":"m³"},{"$f":"IFERROR(INDEX(Fertilisants!$F:$F,MATCH($F14,Fertilisants!$B:$B,0)),\"\")","v":{"v":4.5,"d":"4.500"}},157.5,{"v":1748.25,"d":"1,748"},{"$f":"IFERROR(INDEX(Fertilisants!$G:$G,MATCH($F14,Fertilisants!$B:$B,0)),\"\")","v":{"v":5,"d":"5.00 €"}},{"v":1942.5,"d":"1,942.50 €"},"Sol frais","Tonne à lisier à pendillards","P. Dubois"]
[12,"2027-03-20","ÎL-07",{"$f":"IFERROR(INDEX(Parcelles!$E:$E,MATCH($C15,Parcelles!$A:$A,0)),\"\")","v":"Blé tendre d'hiver"},{"v":11.1,"d":"11.10"},"Ammonitrate 33,5 %",{"$f":"IFERROR(INDEX(Fertilisants!$C:$C,MATCH($F15,Fertilisants!$B:$B,0)),\"\")","v":"Minéral"},{"$f":"IFERROR(INDEX(Fertilisants!$D:$D,MATCH($F15,Fertilisants!$B:$B,0)),\"\")","v":"Minéral"},{"v":40,"d":"40.0"},{"$f":"IFERROR(INDEX(Fertilisants!$E:$E,MATCH($F15,Fertilisants!$B:$B,0)),\"\")","v":"kg"},{"$f":"IFERROR(INDEX(Fertilisants!$F:$F,MATCH($F15,Fertilisants!$B:$B,0)),\"\")","v":0.335},13.4,{"v":148.74,"d":"149"},{"$f":"IFERROR(INDEX(Fertilisants!$G:$G,MATCH($F15,Fertilisants!$B:$B,0)),\"\")","v":{"v":0.42,"d":"0.42 €"}},{"v":186.48,"d":"186.48 €"},"Sol ressuyé","Distributeur centrifuge","J. Martin"]
[13,"2027-02-15","ÎL-08",{"$f":"IFERROR(INDEX(Parcelles!$E:$E,MATCH($C16,Parcelles!$A:$A,0)),\"\")","v":"Betterave sucrière"},7.45,"Fumier de bovins",{"$f":"IFERROR(INDEX(Fertilisants!$C:$C,MATCH($F16,Fertilisants!$B:$B,0)),\"\")","v":"Organique"},{"$f":"IFERROR(INDEX(Fertilisants!$D:$D,MATCH($F16,Fertilisants!$B:$B,0)),\"\")","v":"I"},{"v":30,"d":"30.0"},{"$f":"IFERROR(INDEX(Fertilisants!$E:$E,MATCH($F16,Fertilisants!$B:$B,0)),\"\")","v":"t"},{"$f":"IFERROR(INDEX(Fertilisants!$F:$F,MATCH($F16,Fertilisants!$B:$B,0)),\"\")","v":{"v":5,"d":"5.000"}},{"v":150,"d":"150.0"},{"v":1117.5,"d":"1,118"},{"$f":"IFERROR(INDEX(Fertilisants!$G:$G,MATCH($F16,Fertilisants!$B:$B,0)),\"\")","v":{"v":8,"d":"8.00 €"}},{"v":1788,"d":"1,788.00 €"},"Sol ressuyé","Épandeur à fumier","P. Dubois","Avant betterave"]
[14,"2027-04-05","ÎL-08",{"$f":"IFERROR(INDEX(Parcelles!$E:$E,MATCH($C17,Parcelles!$A:$A,0)),\"\")","v":"Betterave sucrière"},7.45,"Ammonitrate 33,5 %",{"$f":"IFERROR(INDEX(Fertilisants!$C:$C,MATCH($F17,Fertilisants!$B:$B,0)),\"\")","v":"Minéral"},{"$f":"IFERROR(INDEX(Fertilisants!$D:$D,MATCH($F17,Fertilisants!$B:$B,0)),\"\")","v":"Minéral"},{"v":100,"d":"100.0"},{"$f":"IFERROR(INDEX(Fertilisants!$E:$E,MATCH($F17,Fertilisants!$B:$B,0)),\"\")","v":"kg"},{"$f":"IFERROR(INDEX(Fertilisants!$F:$F,MATCH($F17,Fertilisants!$B:$B,0)),\"\")","v":0.335},33.5,{"v":249.57500000000002,"d":"250"},{"$f":"IFERROR(INDEX(Fertilisants!$G:$G,MATCH($F17,Fertilisants!$B:$B,0)),\"\")","v":{"v":0.42,"d":"0.42 €"}},{"v":312.9,"d":"312.90 €"},"Sol sec","Distributeur centrifuge","J. Martin"]
[15,null,null,{"$f":"IFERROR(INDEX(Parcelles!$E:$E,MATCH($C18,Parcelles!$A:$A,0)),\"\")","v":""},null,null,{"$f":"IFERROR(INDEX(Fertilisants!$C:$C,MATCH($F18,Fertilisants!$B:$B,0)),\"\")","v":""},{"$f":"IFERROR(INDEX(Fertilisants!$D:$D,MATCH($F18,Fertilisants!$B:$B,0)),\"\")","v":""},null,{"$f":"IFERROR(INDEX(Fertilisants!$E:$E,MATCH($F18,Fertilisants!$B:$B,0)),\"\")","v":""},{"$f":"IFERROR(INDEX(Fertilisants!$F:$F,MATCH($F18,Fertilisants!$B:$B,0)),\"\")","v":""},"","",{"$f":"IFERROR(INDEX(Fertilisants!$G:$G,MATCH($F18,Fertilisants!$B:$B,0)),\"\")","v":""},""]
[16,null,null,{"$f":"IFERROR(INDEX(Parcelles!$E:$E,MATCH($C19,Parcelles!$A:$A,0)),\"\")","v":""},null,null,{"$f":"IFERROR(INDEX(Fertilisants!$C:$C,MATCH($F19,Fertilisants!$B:$B,0)),\"\")","v":""},{"$f":"IFERROR(INDEX(Fertilisants!$D:$D,MATCH($F19,Fertilisants!$B:$B,0)),\"\")","v":""},null,{"$f":"IFERROR(INDEX(Fertilisants!$E:$E,MATCH($F19,Fertilisants!$B:$B,0)),\"\")","v":""},{"$f":"IFERROR(INDEX(Fertilisants!$F:$F,MATCH($F19,Fertilisants!$B:$B,0)),\"\")","v":""},"","",{"$f":"IFERROR(INDEX(Fertilisants!$G:$G,MATCH($F19,Fertilisants!$B:$B,0)),\"\")","v":""},""]
[17,null,null,{"$f":"IFERROR(INDEX(Parcelles!$E:$E,MATCH($C20,Parcelles!$A:$A,0)),\"\")","v":""},null,null,{"$f":"IFERROR(INDEX(Fertilisants!$C:$C,MATCH($F20,Fertilisants!$B:$B,0)),\"\")","v":""},{"$f":"IFERROR(INDEX(Fertilisants!$D:$D,MATCH($F20,Fertilisants!$B:$B,0)),\"\")","v":""},null,{"$f":"IFERROR(INDEX(Fertilisants!$E:$E,MATCH($F20,Fertilisants!$B:$B,0)),\"\")","v":""},{"$f":"IFERROR(INDEX(Fertilisants!$F:$F,MATCH($F20,Fertilisants!$B:$B,0)),\"\")","v":""},"","",{"$f":"IFERROR(INDEX(Fertilisants!$G:$G,MATCH($F20,Fertilisants!$B:$B,0)),\"\")","v":""},""]
[18,null,null,{"$f":"IFERROR(INDEX(Parcelles!$E:$E,MATCH($C21,Parcelles!$A:$A,0)),\"\")","v":""},null,null,{"$f":"IFERROR(INDEX(Fertilisants!$C:$C,MATCH($F21,Fertilisants!$B:$B,0)),\"\")","v":""},{"$f":"IFERROR(INDEX(Fertilisants!$D:$D,MATCH($F21,Fertilisants!$B:$B,0)),\"\")","v":""},null,{"$f":"IFERROR(INDEX(Fertilisants!$E:$E,MATCH($F21,Fertilisants!$B:$B,0)),\"\")","v":""},{"$f":"IFERROR(INDEX(Fertilisants!$F:$F,MATCH($F21,Fertilisants!$B:$B,0)),\"\")","v":""},"","",{"$f":"IFERROR(INDEX(Fertilisants!$G:$G,MATCH($F21,Fertilisants!$B:$B,0)),\"\")","v":""},""]
[19,null,null,{"$f":"IFERROR(INDEX(Parcelles!$E:$E,MATCH($C22,Parcelles!$A:$A,0)),\"\")","v":""},null,null,{"$f":"IFERROR(INDEX(Fertilisants!$C:$C,MATCH($F22,Fertilisants!$B:$B,0)),\"\")","v":""},{"$f":"IFERROR(INDEX(Fertilisants!$D:$D,MATCH($F22,Fertilisants!$B:$B,0)),\"\")","v":""},null,{"$f":"IFERROR(INDEX(Fertilisants!$E:$E,MATCH($F22,Fertilisants!$B:$B,0)),\"\")","v":""},{"$f":"IFERROR(INDEX(Fertilisants!$F:$F,MATCH($F22,Fertilisants!$B:$B,0)),\"\")","v":""},"","",{"$f":"IFERROR(INDEX(Fertilisants!$G:$G,MATCH($F22,Fertilisants!$B:$B,0)),\"\")","v":""},""]
[20,null,null,{"$f":"IFERROR(INDEX(Parcelles!$E:$E,MATCH($C23,Parcelles!$A:$A,0)),\"\")","v":""},null,null,{"$f":"IFERROR(INDEX(Fertilisants!$C:$C,MATCH($F23,Fertilisants!$B:$B,0)),\"\")","v":""},{"$f":"IFERROR(INDEX(Fertilisants!$D:$D,MATCH($F23,Fertilisants!$B:$B,0)),\"\")","v":""},null,{"$f":"IFERROR(INDEX(Fertilisants!$E:$E,MATCH($F23,Fertilisants!$B:$B,0)),\"\")","v":""},{"$f":"IFERROR(INDEX(Fertilisants!$F:$F,MATCH($F23,Fertilisants!$B:$B,0)),\"\")","v":""},"","",{"$f":"IFERROR(INDEX(Fertilisants!$G:$G,MATCH($F23,Fertilisants!$B:$B,0)),\"\")","v":""},""]
[21,null,null,{"$f":"IFERROR(INDEX(Parcelles!$E:$E,MATCH($C24,Parcelles!$A:$A,0)),\"\")","v":""},null,null,{"$f":"IFERROR(INDEX(Fertilisants!$C:$C,MATCH($F24,Fertilisants!$B:$B,0)),\"\")","v":""},{"$f":"IFERROR(INDEX(Fertilisants!$D:$D,MATCH($F24,Fertilisants!$B:$B,0)),\"\")","v":""},null,{"$f":"IFERROR(INDEX(Fertilisants!$E:$E,MATCH($F24,Fertilisants!$B:$B,0)),\"\")","v":""},{"$f":"IFERROR(INDEX(Fertilisants!$F:$F,MATCH($F24,Fertilisants!$B:$B,0)),\"\")","v":""},"","",{"$f":"IFERROR(INDEX(Fertilisants!$G:$G,MATCH($F24,Fertilisants!$B:$B,0)),\"\")","v":""},""]
[22,null,null,{"$f":"IFERROR(INDEX(Parcelles!$E:$E,MATCH($C25,Parcelles!$A:$A,0)),\"\")","v":""},null,null,{"$f":"IFERROR(INDEX(Fertilisants!$C:$C,MATCH($F25,Fertilisants!$B:$B,0)),\"\")","v":""},{"$f":"IFERROR(INDEX(Fertilisants!$D:$D,MATCH($F25,Fertilisants!$B:$B,0)),\"\")","v":""},null,{"$f":"IFERROR(INDEX(Fertilisants!$E:$E,MATCH($F25,Fertilisants!$B:$B,0)),\"\")","v":""},{"$f":"IFERROR(INDEX(Fertilisants!$F:$F,MATCH($F25,Fertilisants!$B:$B,0)),\"\")","v":""},"","",{"$f":"IFERROR(INDEX(Fertilisants!$G:$G,MATCH($F25,Fertilisants!$B:$B,0)),\"\")","v":""},""]
[23,null,null,{"$f":"IFERROR(INDEX(Parcelles!$E:$E,MATCH($C26,Parcelles!$A:$A,0)),\"\")","v":""},null,null,{"$f":"IFERROR(INDEX(Fertilisants!$C:$C,MATCH($F26,Fertilisants!$B:$B,0)),\"\")","v":""},{"$f":"IFERROR(INDEX(Fertilisants!$D:$D,MATCH($F26,Fertilisants!$B:$B,0)),\"\")","v":""},null,{"$f":"IFERROR(INDEX(Fertilisants!$E:$E,MATCH($F26,Fertilisants!$B:$B,0)),\"\")","v":""},{"$f":"IFERROR(INDEX(Fertilisants!$F:$F,MATCH($F26,Fertilisants!$B:$B,0)),\"\")","v":""},"","",{"$f":"IFERROR(INDEX(Fertilisants!$G:$G,MATCH($F26,Fertilisants!$B:$B,0)),\"\")","v":""},""]
[24,null,null,{"$f":"IFERROR(INDEX(Parcelles!$E:$E,MATCH($C27,Parcelles!$A:$A,0)),\"\")","v":""},null,null,{"$f":"IFERROR(INDEX(Fertilisants!$C:$C,MATCH($F27,Fertilisants!$B:$B,0)),\"\")","v":""},{"$f":"IFERROR(INDEX(Fertilisants!$D:$D,MATCH($F27,Fertilisants!$B:$B,0)),\"\")","v":""},null,{"$f":"IFERROR(INDEX(Fertilisants!$E:$E,MATCH($F27,Fertilisants!$B:$B,0)),\"\")","v":""},{"$f":"IFERROR(INDEX(Fertilisants!$F:$F,MATCH($F27,Fertilisants!$B:$B,0)),\"\")","v":""},"","",{"$f":"IFERROR(INDEX(Fertilisants!$G:$G,MATCH($F27,Fertilisants!$B:$B,0)),\"\")","v":""},""]
[25,null,null,{"$f":"IFERROR(INDEX(Parcelles!$E:$E,MATCH($C28,Parcelles!$A:$A,0)),\"\")","v":""},null,null,{"$f":"IFERROR(INDEX(Fertilisants!$C:$C,MATCH($F28,Fertilisants!$B:$B,0)),\"\")","v":""},{"$f":"IFERROR(INDEX(Fertilisants!$D:$D,MATCH($F28,Fertilisants!$B:$B,0)),\"\")","v":""},null,{"$f":"IFERROR(INDEX(Fertilisants!$E:$E,MATCH($F28,Fertilisants!$B:$B,0)),\"\")","v":""},{"$f":"IFERROR(INDEX(Fertilisants!$F:$F,MATCH($F28,Fertilisants!$B:$B,0)),\"\")","v":""},"","",{"$f":"IFERROR(INDEX(Fertilisants!$G:$G,MATCH($F28,Fertilisants!$B:$B,0)),\"\")","v":""},""]
[26,null,null,{"$f":"IFERROR(INDEX(Parcelles!$E:$E,MATCH($C29,Parcelles!$A:$A,0)),\"\")","v":""},null,null,{"$f":"IFERROR(INDEX(Fertilisants!$C:$C,MATCH($F29,Fertilisants!$B:$B,0)),\"\")","v":""},{"$f":"IFERROR(INDEX(Fertilisants!$D:$D,MATCH($F29,Fertilisants!$B:$B,0)),\"\")","v":""},null,{"$f":"IFERROR(INDEX(Fertilisants!$E:$E,MATCH($F29,Fertilisants!$B:$B,0)),\"\")","v":""},{"$f":"IFERROR(INDEX(Fertilisants!$F:$F,MATCH($F29,Fertilisants!$B:$B,0)),\"\")","v":""},"","",{"$f":"IFERROR(INDEX(Fertilisants!$G:$G,MATCH($F29,Fertilisants!$B:$B,0)),\"\")","v":""},""]
[27,null,null,{"$f":"IFERROR(INDEX(Parcelles!$E:$E,MATCH($C30,Parcelles!$A:$A,0)),\"\")","v":""},null,null,{"$f":"IFERROR(INDEX(Fertilisants!$C:$C,MATCH($F30,Fertilisants!$B:$B,0)),\"\")","v":""},{"$f":"IFERROR(INDEX(Fertilisants!$D:$D,MATCH($F30,Fertilisants!$B:$B,0)),\"\")","v":""},null,{"$f":"IFERROR(INDEX(Fertilisants!$E:$E,MATCH($F30,Fertilisants!$B:$B,0)),\"\")","v":""},{"$f":"IFERROR(INDEX(Fertilisants!$F:$F,MATCH($F30,Fertilisants!$B:$B,0)),\"\")","v":""},"","",{"$f":"IFERROR(INDEX(Fertilisants!$G:$G,MATCH($F30,Fertilisants!$B:$B,0)),\"\")","v":""},""]
[28,null,null,{"$f":"IFERROR(INDEX(Parcelles!$E:$E,MATCH($C31,Parcelles!$A:$A,0)),\"\")","v":""},null,null,{"$f":"IFERROR(INDEX(Fertilisants!$C:$C,MATCH($F31,Fertilisants!$B:$B,0)),\"\")","v":""},{"$f":"IFERROR(INDEX(Fertilisants!$D:$D,MATCH($F31,Fertilisants!$B:$B,0)),\"\")","v":""},null,{"$f":"IFERROR(INDEX(Fertilisants!$E:$E,MATCH($F31,Fertilisants!$B:$B,0)),\"\")","v":""},{"$f":"IFERROR(INDEX(Fertilisants!$F:$F,MATCH($F31,Fertilisants!$B:$B,0)),\"\")","v":""},"","",{"$f":"IFERROR(INDEX(Fertilisants!$G:$G,MATCH($F31,Fertilisants!$B:$B,0)),\"\")","v":""},""]
[29,null,null,{"$f":"IFERROR(INDEX(Parcelles!$E:$E,MATCH($C32,Parcelles!$A:$A,0)),\"\")","v":""},null,null,{"$f":"IFERROR(INDEX(Fertilisants!$C:$C,MATCH($F32,Fertilisants!$B:$B,0)),\"\")","v":""},{"$f":"IFERROR(INDEX(Fertilisants!$D:$D,MATCH($F32,Fertilisants!$B:$B,0)),\"\")","v":""},null,{"$f":"IFERROR(INDEX(Fertilisants!$E:$E,MATCH($F32,Fertilisants!$B:$B,0)),\"\")","v":""},{"$f":"IFERROR(INDEX(Fertilisants!$F:$F,MATCH($F32,Fertilisants!$B:$B,0)),\"\")","v":""},"","",{"$f":"IFERROR(INDEX(Fertilisants!$G:$G,MATCH($F32,Fertilisants!$B:$B,0)),\"\")","v":""},""]
[30,null,null,{"$f":"IFERROR(INDEX(Parcelles!$E:$E,MATCH($C33,Parcelles!$A:$A,0)),\"\")","v":""},null,null,{"$f":"IFERROR(INDEX(Fertilisants!$C:$C,MATCH($F33,Fertilisants!$B:$B,0)),\"\")","v":""},{"$f":"IFERROR(INDEX(Fertilisants!$D:$D,MATCH($F33,Fertilisants!$B:$B,0)),\"\")","v":""},null,{"$f":"IFERROR(INDEX(Fertilisants!$E:$E,MATCH($F33,Fertilisants!$B:$B,0)),\"\")","v":""},{"$f":"IFERROR(INDEX(Fertilisants!$F:$F,MATCH($F33,Fertilisants!$B:$B,0)),\"\")","v":""},"","",{"$f":"IFERROR(INDEX(Fertilisants!$G:$G,MATCH($F33,Fertilisants!$B:$B,0)),\"\")","v":""},""]
[31,null,null,{"$f":"IFERROR(INDEX(Parcelles!$E:$E,MATCH($C34,Parcelles!$A:$A,0)),\"\")","v":""},null,null,{"$f":"IFERROR(INDEX(Fertilisants!$C:$C,MATCH($F34,Fertilisants!$B:$B,0)),\"\")","v":""},{"$f":"IFERROR(INDEX(Fertilisants!$D:$D,MATCH($F34,Fertilisants!$B:$B,0)),\"\")","v":""},null,{"$f":"IFERROR(INDEX(Fertilisants!$E:$E,MATCH($F34,Fertilisants!$B:$B,0)),\"\")","v":""},{"$f":"IFERROR(INDEX(Fertilisants!$F:$F,MATCH($F34,Fertilisants!$B:$B,0)),\"\")","v":""},"","",{"$f":"IFERROR(INDEX(Fertilisants!$G:$G,MATCH($F34,Fertilisants!$B:$B,0)),\"\")","v":""},""]
[32,null,null,{"$f":"IFERROR(INDEX(Parcelles!$E:$E,MATCH($C35,Parcelles!$A:$A,0)),\"\")","v":""},null,null,{"$f":"IFERROR(INDEX(Fertilisants!$C:$C,MATCH($F35,Fertilisants!$B:$B,0)),\"\")","v":""},{"$f":"IFERROR(INDEX(Fertilisants!$D:$D,MATCH($F35,Fertilisants!$B:$B,0)),\"\")","v":""},null,{"$f":"IFERROR(INDEX(Fertilisants!$E:$E,MATCH($F35,Fertilisants!$B:$B,0)),\"\")","v":""},{"$f":"IFERROR(INDEX(Fertilisants!$F:$F,MATCH($F35,Fertilisants!$B:$B,0)),\"\")","v":""},"","",{"$f":"IFERROR(INDEX(Fertilisants!$G:$G,MATCH($F35,Fertilisants!$B:$B,0)),\"\")","v":""},""]
[33,null,null,{"$f":"IFERROR(INDEX(Parcelles!$E:$E,MATCH($C36,Parcelles!$A:$A,0)),\"\")","v":""},null,null,{"$f":"IFERROR(INDEX(Fertilisants!$C:$C,MATCH($F36,Fertilisants!$B:$B,0)),\"\")","v":""},{"$f":"IFERROR(INDEX(Fertilisants!$D:$D,MATCH($F36,Fertilisants!$B:$B,0)),\"\")","v":""},null,{"$f":"IFERROR(INDEX(Fertilisants!$E:$E,MATCH($F36,Fertilisants!$B:$B,0)),\"\")","v":""},{"$f":"IFERROR(INDEX(Fertilisants!$F:$F,MATCH($F36,Fertilisants!$B:$B,0)),\"\")","v":""},"","",{"$f":"IFERROR(INDEX(Fertilisants!$G:$G,MATCH($F36,Fertilisants!$B:$B,0)),\"\")","v":""},""]
[34,null,null,{"$f":"IFERROR(INDEX(Parcelles!$E:$E,MATCH($C37,Parcelles!$A:$A,0)),\"\")","v":""},null,null,{"$f":"IFERROR(INDEX(Fertilisants!$C:$C,MATCH($F37,Fertilisants!$B:$B,0)),\"\")","v":""},{"$f":"IFERROR(INDEX(Fertilisants!$D:$D,MATCH($F37,Fertilisants!$B:$B,0)),\"\")","v":""},null,{"$f":"IFERROR(INDEX(Fertilisants!$E:$E,MATCH($F37,Fertilisants!$B:$B,0)),\"\")","v":""},{"$f":"IFERROR(INDEX(Fertilisants!$F:$F,MATCH($F37,Fertilisants!$B:$B,0)),\"\")","v":""},"","",{"$f":"IFERROR(INDEX(Fertilisants!$G:$G,MATCH($F37,Fertilisants!$B:$B,0)),\"\")","v":""},""]
[35,null,null,{"$f":"IFERROR(INDEX(Parcelles!$E:$E,MATCH($C38,Parcelles!$A:$A,0)),\"\")","v":""},null,null,{"$f":"IFERROR(INDEX(Fertilisants!$C:$C,MATCH($F38,Fertilisants!$B:$B,0)),\"\")","v":""},{"$f":"IFERROR(INDEX(Fertilisants!$D:$D,MATCH($F38,Fertilisants!$B:$B,0)),\"\")","v":""},null,{"$f":"IFERROR(INDEX(Fertilisants!$E:$E,MATCH($F38,Fertilisants!$B:$B,0)),\"\")","v":""},{"$f":"IFERROR(INDEX(Fertilisants!$F:$F,MATCH($F38,Fertilisants!$B:$B,0)),\"\")","v":""},"","",{"$f":"IFERROR(INDEX(Fertilisants!$G:$G,MATCH($F38,Fertilisants!$B:$B,0)),\"\")","v":""},""]
[36,null,null,{"$f":"IFERROR(INDEX(Parcelles!$E:$E,MATCH($C39,Parcelles!$A:$A,0)),\"\")","v":""},null,null,{"$f":"IFERROR(INDEX(Fertilisants!$C:$C,MATCH($F39,Fertilisants!$B:$B,0)),\"\")","v":""},{"$f":"IFERROR(INDEX(Fertilisants!$D:$D,MATCH($F39,Fertilisants!$B:$B,0)),\"\")","v":""},null,{"$f":"IFERROR(INDEX(Fertilisants!$E:$E,MATCH($F39,Fertilisants!$B:$B,0)),\"\")","v":""},{"$f":"IFERROR(INDEX(Fertilisants!$F:$F,MATCH($F39,Fertilisants!$B:$B,0)),\"\")","v":""},"","",{"$f":"IFERROR(INDEX(Fertilisants!$G:$G,MATCH($F39,Fertilisants!$B:$B,0)),\"\")","v":""},""]
[37,null,null,{"$f":"IFERROR(INDEX(Parcelles!$E:$E,MATCH($C40,Parcelles!$A:$A,0)),\"\")","v":""},null,null,{"$f":"IFERROR(INDEX(Fertilisants!$C:$C,MATCH($F40,Fertilisants!$B:$B,0)),\"\")","v":""},{"$f":"IFERROR(INDEX(Fertilisants!$D:$D,MATCH($F40,Fertilisants!$B:$B,0)),\"\")","v":""},null,{"$f":"IFERROR(INDEX(Fertilisants!$E:$E,MATCH($F40,Fertilisants!$B:$B,0)),\"\")","v":""},{"$f":"IFERROR(INDEX(Fertilisants!$F:$F,MATCH($F40,Fertilisants!$B:$B,0)),\"\")","v":""},"","",{"$f":"IFERROR(INDEX(Fertilisants!$G:$G,MATCH($F40,Fertilisants!$B:$B,0)),\"\")","v":""},""]
[38,null,null,{"$f":"IFERROR(INDEX(Parcelles!$E:$E,MATCH($C41,Parcelles!$A:$A,0)),\"\")","v":""},null,null,{"$f":"IFERROR(INDEX(Fertilisants!$C:$C,MATCH($F41,Fertilisants!$B:$B,0)),\"\")","v":""},{"$f":"IFERROR(INDEX(Fertilisants!$D:$D,MATCH($F41,Fertilisants!$B:$B,0)),\"\")","v":""},null,{"$f":"IFERROR(INDEX(Fertilisants!$E:$E,MATCH($F41,Fertilisants!$B:$B,0)),\"\")","v":""},{"$f":"IFERROR(INDEX(Fertilisants!$F:$F,MATCH($F41,Fertilisants!$B:$B,0)),\"\")","v":""},"","",{"$f":"IFERROR(INDEX(Fertilisants!$G:$G,MATCH($F41,Fertilisants!$B:$B,0)),\"\")","v":""},""]
[39,null,null,{"$f":"IFERROR(INDEX(Parcelles!$E:$E,MATCH($C42,Parcelles!$A:$A,0)),\"\")","v":""},null,null,{"$f":"IFERROR(INDEX(Fertilisants!$C:$C,MATCH($F42,Fertilisants!$B:$B,0)),\"\")","v":""},{"$f":"IFERROR(INDEX(Fertilisants!$D:$D,MATCH($F42,Fertilisants!$B:$B,0)),\"\")","v":""},null,{"$f":"IFERROR(INDEX(Fertilisants!$E:$E,MATCH($F42,Fertilisants!$B:$B,0)),\"\")","v":""},{"$f":"IFERROR(INDEX(Fertilisants!$F:$F,MATCH($F42,Fertilisants!$B:$B,0)),\"\")","v":""},"","",{"$f":"IFERROR(INDEX(Fertilisants!$G:$G,MATCH($F42,Fertilisants!$B:$B,0)),\"\")","v":""},""]
[40,null,null,{"$f":"IFERROR(INDEX(Parcelles!$E:$E,MATCH($C43,Parcelles!$A:$A,0)),\"\")","v":""},null,null,{"$f":"IFERROR(INDEX(Fertilisants!$C:$C,MATCH($F43,Fertilisants!$B:$B,0)),\"\")","v":""},{"$f":"IFERROR(INDEX(Fertilisants!$D:$D,MATCH($F43,Fertilisants!$B:$B,0)),\"\")","v":""},null,{"$f":"IFERROR(INDEX(Fertilisants!$E:$E,MATCH($F43,Fertilisants!$B:$B,0)),\"\")","v":""},{"$f":"IFERROR(INDEX(Fertilisants!$F:$F,MATCH($F43,Fertilisants!$B:$B,0)),\"\")","v":""},"","",{"$f":"IFERROR(INDEX(Fertilisants!$G:$G,MATCH($F43,Fertilisants!$B:$B,0)),\"\")","v":""},""]

{"sheet":"Parcelles","index":1,"n_rows":11,"n_cols":9,"rows_kept":11,"merged":[[0,0,0,8],[1,0,1,8]]}
["PARCELLES / ÎLOTS CULTURAUX"]
["Référentiel des surfaces de l'exploitation — sert de base aux menus déroulants et aux calculs"]
["Réf. îlot","Nom de la parcelle","Commune","Surface (ha)","Culture 2027","Précédent cultural","Zone vulnérable","Objectif rendement","Observations"]
["ÎL-01","Le Grand Champ","Villeneuve-sur-Aube",{"v":12.4,"d":"12.40"},"Blé tendre d'hiver","Colza","Oui",78]
["ÎL-02","Les Sablons","Villeneuve-sur-Aube",8.75,"Maïs grain","Blé tendre","Oui",105,"Îlot bordé par un cours d'eau"]
["ÎL-03","La Prairie Basse","Saint-Martin-des-Champs",{"v":5.2,"d":"5.20"},"Prairie permanente","Prairie","Oui",7,"Fauche puis pâture"]
["ÎL-04","Le Coteau","Saint-Martin-des-Champs",{"v":9.6,"d":"9.60"},"Orge de printemps","Maïs grain","Non",65]
["ÎL-05","Les Longues Raies","Villeneuve-sur-Aube",{"v":15.3,"d":"15.30"},"Colza d'hiver","Blé tendre","Oui",38]
["ÎL-06","Le Pré du Moulin","Bourg-la-Rivière",6.85,"Tournesol","Orge","Non",30]
["ÎL-07","La Garenne","Bourg-la-Rivière",{"v":11.1,"d":"11.10"},"Blé tendre d'hiver","Tournesol","Oui",72]
["ÎL-08","Les Terres Fortes","Saint-Martin-des-Champs",7.45,"Betterave sucrière","Blé tendre","Oui",85]

{"sheet":"Fertilisants","index":2,"n_rows":13,"n_cols":8,"rows_kept":13,"merged":[[0,0,0,7],[1,0,1,7]]}
["FERTILISANTS / EFFLUENTS"]
["Produits organiques et minéraux — teneur en azote et prix pilotent les calculs automatiques"]
["Code","Désignation du produit","Catégorie","Type","Unité","Teneur en azote (kg N / unité)","Prix unitaire (€/unité)","Observations"]
["FUM-BOV","Fumier de bovins","Organique","I","t",{"v":5,"d":"5.000"},{"v":8,"d":"8.00 €"},"Effluent de l'exploitation"]
["FUM-VOL","Fumier de volailles","Organique","II","t",{"v":20,"d":"20.000"},{"v":15,"d":"15.00 €"}]
["LIS-BOV","Lisier de bovins","Organique","II","m³",{"v":3,"d":"3.000"},{"v":4.5,"d":"4.50 €"},"Analyse annuelle recommandée"]
["LIS-POR","Lisier de porcins","Organique","II","m³",{"v":4.5,"d":"4.500"},{"v":5,"d":"5.00 €"}]
["COMP-VV","Compost de déchets verts","Organique","I","t",{"v":6,"d":"6.000"},{"v":12,"d":"12.00 €"}]
["FIE-EQU","Fumier de cheval","Organique","I","t",{"v":5.5,"d":"5.500"},{"v":9,"d":"9.00 €"}]
["AMN-335","Ammonitrate 33,5 %","Minéral","Minéral","kg",0.335,{"v":0.42,"d":"0.42 €"}]
["UREE-46","Urée 46 %","Minéral","Minéral","kg",{"v":0.46,"d":"0.460"},{"v":0.55,"d":"0.55 €"}]
["SOL-390","Solution azotée 39 %","Minéral","Minéral","kg",{"v":0.39,"d":"0.390"},{"v":0.48,"d":"0.48 €"}]
["NPK-151","Engrais NPK 15-10-10","Minéral","Minéral","kg",{"v":0.15,"d":"0.150"},{"v":0.6,"d":"0.60 €"}]

{"sheet":"Synthèse","index":3,"n_rows":14,"n_cols":13,"rows_kept":14,"merged":[[0,0,0,12],[1,0,1,12],[13,0,13,12]]}
["SYNTHÈSE — BILAN AZOTÉ PAR ÎLOT"]
["Cumul des apports par parcelle et contrôle du plafond de 170 kg N/ha organique (campagne 2027)"]
["Réf. îlot","Culture","Surface (ha)","Nb d'apports","Azote organique (kg N)","Azote minéral (kg N)","Azote total (kg N)","Azote total /ha (kg N/ha)","Azote organique /ha (kg N/ha)","Statut (plafond 170)","Coût total (€)","Coût /ha (€/ha)","Plafond (kg N/ha)"]
[{"$f":"Parcelles!$A$4","v":"ÎL-01"},{"$f":"Parcelles!$E$4","v":"Blé tendre d'hiver"},{"$f":"Parcelles!$D$4","v":{"v":12.4,"d":"12.40"}},{"$f":"COUNTIFS('Cahier d''épandage'!$C$4:$C$43,$A4)","v":3},{"$f":"SUMIFS('Cahier d''épandage'!$M$4:$M$43,'Cahier d''épandage'!$C$4:$C$43,$A4,'Cahier d''épandage'!$G$4:$G$43,\"Organique\")","v":{"v":1240,"d":"1,240"}},{"$f":"SUMIFS('Cahier d''épandage'!$M$4:$M$43,'Cahier d''épandage'!$C$4:$C$43,$A4,'Cahier d''épandage'!$G$4:$G$43,\"Minéral\")","v":{"v":1163.1200000000001,"d":"1,163"}},{"$f":"$E4+$F4","v":{"v":2403.12,"d":"2,403"}},{"$f":"IF($C4=0,\"\",$G4/$C4)","v":{"v":193.79999999999998,"d":"193.8"}},{"$f":"IF($C4=0,\"\",$E4/$C4)","v":{"v":100,"d":"100.0"}},{"$f":"IF($I4=\"\",\"\",IF($I4>170,\"Dépassement\",IF($I4>150,\"À surveiller\",\"Conforme\")))","v":"Conforme"},{"$f":"SUMIFS('Cahier d''épandage'!$O$4:$O$43,'Cahier d''épandage'!$C$4:$C$43,$A4)","v":{"v":3442.24,"d":"3,442.24 €"}},{"$f":"IF($C4=0,\"\",$K4/$C4)","v":{"v":277.59999999999997,"d":"277.60 €"}},170]
[{"$f":"Parcelles!$A$5","v":"ÎL-02"},{"$f":"Parcelles!$E$5","v":"Maïs grain"},{"$f":"Parcelles!$D$5","v":8.75},{"$f":"COUNTIFS('Cahier d''épandage'!$C$4:$C$43,$A5)","v":2},{"$f":"SUMIFS('Cahier d''épandage'!$M$4:$M$43,'Cahier d''épandage'!$C$4:$C$43,$A5,'Cahier d''épandage'!$G$4:$G$43,\"Organique\")","v":{"v":787.5,"d":"788"}},{"$f":"SUMIFS('Cahier d''épandage'!$M$4:$M$43,'Cahier d''épandage'!$C$4:$C$43,$A5,'Cahier d''épandage'!$G$4:$G$43,\"Minéral\")","v":483},{"v":1270.5,"d":"1,271"},145.2,{"v":90,"d":"90.0"},"Conforme",{"$f":"SUMIFS('Cahier d''épandage'!$O$4:$O$43,'Cahier d''épandage'!$C$4:$C$43,$A5)","v":{"v":1758.75,"d":"1,758.75 €"}},{"v":201,"d":"201.00 €"},170]
[{"$f":"Parcelles!$A$6","v":"ÎL-03"},{"$f":"Parcelles!$E$6","v":"Prairie permanente"},{"$f":"Parcelles!$D$6","v":{"v":5.2,"d":"5.20"}},{"$f":"COUNTIFS('Cahier d''épandage'!$C$4:$C$43,$A6)","v":1},{"$f":"SUMIFS('Cahier d''épandage'!$M$4:$M$43,'Cahier d''épandage'!$C$4:$C$43,$A6,'Cahier d''épandage'!$G$4:$G$43,\"Organique\")","v":650},{"$f":"SUMIFS('Cahier d''épandage'!$M$4:$M$43,'Cahier d''épandage'!$C$4:$C$43,$A6,'Cahier d''épandage'!$G$4:$G$43,\"Minéral\")","v":0},650,{"v":125,"d":"125.0"},{"v":125,"d":"125.0"},"Conforme",{"$f":"SUMIFS('Cahier d''épandage'!$O$4:$O$43,'Cahier d''épandage'!$C$4:$C$43,$A6)","v":{"v":1040,"d":"1,040.00 €"}},{"v":200,"d":"200.00 €"},170]
[{"$f":"Parcelles!$A$7","v":"ÎL-04"},{"$f":"Parcelles!$E$7","v":"Orge de printemps"},{"$f":"Parcelles!$D$7","v":{"v":9.6,"d":"9.60"}},{"$f":"COUNTIFS('Cahier d''épandage'!$C$4:$C$43,$A7)","v":1},{"$f":"SUMIFS('Cahier d''épandage'!$M$4:$M$43,'Cahier d''épandage'!$C$4:$C$43,$A7,'Cahier d''épandage'!$G$4:$G$43,\"Organique\")","v":0},{"$f":"SUMIFS('Cahier d''épandage'!$M$4:$M$43,'Cahier d''épandage'!$C$4:$C$43,$A7,'Cahier d''épandage'!$G$4:$G$43,\"Minéral\")","v":{"v":524.16,"d":"524"}},{"v":524.16,"d":"524"},54.6,{"v":0,"d":"0.0"},"Conforme",{"$f":"SUMIFS('Cahier d''épandage'!$O$4:$O$43,'Cahier d''épandage'!$C$4:$C$43,$A7)","v":{"v":645.12,"d":"645.12 €"}},{"v":67.2,"d":"67.20 €"},170]
[{"$f":"Parcelles!$A$8","v":"ÎL-05"},{"$f":"Parcelles!$E$8","v":"Colza d'hiver"},{"$f":"Parcelles!$D$8","v":{"v":15.3,"d":"15.30"}},{"$f":"COUNTIFS('Cahier d''épandage'!$C$4:$C$43,$A8)","v":2},{"$f":"SUMIFS('Cahier d''épandage'!$M$4:$M$43,'Cahier d''épandage'!$C$4:$C$43,$A8,'Cahier d''épandage'!$G$4:$G$43,\"Organique\")","v":{"v":2754,"d":"2,754"}},{"$f":"SUMIFS('Cahier d''épandage'!$M$4:$M$43,'Cahier d''épandage'!$C$4:$C$43,$A8,'Cahier d''épandage'!$G$4:$G$43,\"Minéral\")","v":{"v":307.53000000000003,"d":"308"}},{"v":3061.53,"d":"3,062"},200.1,{"v":180,"d":"180.0"},"Dépassement",{"$f":"SUMIFS('Cahier d''épandage'!$O$4:$O$43,'Cahier d''épandage'!$C$4:$C$43,$A8)","v":{"v":2451.0600000000004,"d":"2,451.06 €"}},{"v":160.20000000000002,"d":"160.20 €"},170]
[{"$f":"Parcelles!$A$9","v":"ÎL-06"},{"$f":"Parcelles!$E$9","v":"Tournesol"},{"$f":"Parcelles!$D$9","v":6.85},{"$f":"COUNTIFS('Cahier d''épandage'!$C$4:$C$43,$A9)","v":1},{"$f":"SUMIFS('Cahier d''épandage'!$M$4:$M$43,'Cahier d''épandage'!$C$4:$C$43,$A9,'Cahier d''épandage'!$G$4:$G$43,\"Organique\")","v":0},{"$f":"SUMIFS('Cahier d''épandage'!$M$4:$M$43,'Cahier d''épandage'!$C$4:$C$43,$A9,'Cahier d''épandage'!$G$4:$G$43,\"Minéral\")","v":{"v":205.5,"d":"206"}},{"v":205.5,"d":"206"},{"v":30,"d":"30.0"},{"v":0,"d":"0.0"},"Conforme",{"$f":"SUMIFS('Cahier d''épandage'!$O$4:$O$43,'Cahier d''épandage'!$C$4:$C$43,$A9)","v":{"v":822,"d":"822.00 €"}},{"v":120,"d":"120.00 €"},170]
[{"$f":"Parcelles!$A$10","v":"ÎL-07"},{"$f":"Parcelles!$E$10","v":"Blé tendre d'hiver"},{"$f":"Parcelles!$D$10","v":{"v":11.1,"d":"11.10"}},{"$f":"COUNTIFS('Cahier d''épandage'!$C$4:$C$43,$A10)","v":2},{"$f":"SUMIFS('Cahier d''épandage'!$M$4:$M$43,'Cahier d''épandage'!$C$4:$C$43,$A10,'Cahier d''épandage'!$G$4:$G$43,\"Organique\")","v":{"v":1748.25,"d":"1,748"}},{"$f":"SUMIFS('Cahier d''épandage'!$M$4:$M$43,'Cahier d''épandage'!$C$4:$C$43,$A10,'Cahier d''épandage'!$G$4:$G$43,\"Minéral\")","v":{"v":148.74,"d":"149"}},{"v":1896.99,"d":"1,897"},170.9,157.5,"À surveiller",{"$f":"SUMIFS('Cahier d''épandage'!$O$4:$O$43,'Cahier d''épandage'!$C$4:$C$43,$A10)","v":{"v":2128.98,"d":"2,128.98 €"}},{"v":191.8,"d":"191.80 €"},170]
[{"$f":"Parcelles!$A$11","v":"ÎL-08"},{"$f":"Parcelles!$E$11","v":"Betterave sucrière"},{"$f":"Parcelles!$D$11","v":7.45},{"$f":"COUNTIFS('Cahier d''épandage'!$C$4:$C$43,$A11)","v":2},{"$f":"SUMIFS('Cahier d''épandage'!$M$4:$M$43,'Cahier d''épandage'!$C$4:$C$43,$A11,'Cahier d''épandage'!$G$4:$G$43,\"Organique\")","v":{"v":1117.5,"d":"1,118"}},{"$f":"SUMIFS('Cahier d''épandage'!$M$4:$M$43,'Cahier d''épandage'!$C$4:$C$43,$A11,'Cahier d''épandage'!$G$4:$G$43,\"Minéral\")","v":{"v":249.57500000000002,"d":"250"}},{"v":1367.075,"d":"1,367"},183.5,{"v":150,"d":"150.0"},"Conforme",{"$f":"SUMIFS('Cahier d''épandage'!$O$4:$O$43,'Cahier d''épandage'!$C$4:$C$43,$A11)","v":{"v":2100.9,"d":"2,100.90 €"}},{"v":282,"d":"282.00 €"},170]
["TOTAL / MOYENNE",null,{"$f":"SUM(C4:C11)","v":76.65},{"$f":"SUM(D4:D11)","v":14},{"$f":"SUM(E4:E11)","v":{"v":8297.25,"d":"8,297"}},{"$f":"SUM(F4:F11)","v":{"v":3081.625,"d":"3,082"}},{"$f":"SUM(G4:G11)","v":{"v":11378.875,"d":"11,379"}},{"$f":"IF(C12=0,\"\",G12/C12)","v":{"v":148.45238095238093,"d":"148.5"}},{"$f":"IF(C12=0,\"\",E12/C12)","v":{"v":108.24853228962817,"d":"108.2"}},null,{"$f":"SUM(K4:K11)","v":{"v":14389.05,"d":"14,389.05 €"}},{"$f":"IF(C12=0,\"\",K12/C12)","v":{"v":187.72407045009783,"d":"187.72 €"}}]
[]
["Azote organique apporté par îlot (kg N/ha) — comparaison au plafond réglementaire"]

{"sheet":"Notice","index":4,"n_rows":41,"n_cols":4,"rows_kept":41,"merged":[[1,1,1,5],[2,1,2,5],[4,1,4,5],[5,2,5,3],[6,2,6,3],[7,2,7,3],[8,2,8,3],[9,2,9,3],[10,2,10,3],[12,1,12,5],[13,1,13,2],[13,3,13,4],[14,1,15,2],[14,3,15,4],[16,1,16,2],[16,3,16,4],[17,1,18,2],[17,3,18,4],[19,1,19,2],[19,3,19,4],[20,1,21,2],[20,3,21,4],[23,1,23,5],[24,1,24,5],[25,1,25,5],[26,1,26,5],[27,1,27,5],[28,1,28,5],[29,1,29,5],[30,1,30,5],[31,1,31,5],[32,1,32,5],[33,1,33,5],[34,1,34,5],[35,1,35,5],[36,2,36,5],[37,2,37,5],[38,2,38,5],[39,2,39,5],[40,2,40,5]]}
[]
[null,"CAHIER D'ÉPANDAGE"]
[null,"Registre des apports de fertilisants azotés  •  Campagne 2027"]
[]
[null,"IDENTIFICATION DE L'EXPLOITATION"]
[null,"Exploitation","EARL des Trois Chênes"]
[null,"N° PACAGE","012345678"]
[null,"Responsable","A. Lefèvre"]
[null,"Commune du siège","Villeneuve-sur-Aube"]
[null,"SAU déclarée (ha)",76.65]
[null,"Zone vulnérable","Oui"]
[]
[null,"INDICATEURS DE LA CAMPAGNE 2027"]
[null,"SAU suivie (ha)",null,"Apports enregistrés"]
[null,{"$f":"Synthèse!C12","v":76.65},null,{"$f":"Synthèse!D12","v":14}]
[]
[null,"Azote total apporté (kg N)",null,"Azote organique moyen (kg N/ha)"]
[null,{"$f":"Synthèse!G12","v":{"v":11378.875,"d":"11,379"}},null,{"$f":"Synthèse!I12","v":{"v":108.24853228962817,"d":"108.2"}}]
[]
[null,"Coût total fertilisation",null,"Coût moyen (€/ha)"]
[null,{"$f":"Synthèse!K12","v":{"v":14389.05,"d":"14,389.05 €"}},null,{"$f":"Synthèse!L12","v":{"v":187.72407045009783,"d":"187.72 €"}}]
[]
[]
[null,"MODE D'EMPLOI"]
[null,"1.  Renseignez vos îlots dans l'onglet « Parcelles » : référence, surface, culture 2027, précédent."]
[null,"2.  Vérifiez la liste des produits dans l'onglet « Fertilisants » (teneur en azote et prix unitaire)."]
[null,"3.  Saisissez chaque apport dans « Cahier d'épandage » : une ligne par passage. Les colonnes grisées se calculent seules."]
[null,"4.  Suivez le bilan azoté et les coûts par îlot dans l'onglet « Synthèse »."]
[null,"5.  Les cellules sur fond crème sont à compléter ; les cellules claires sont automatiques."]
[null,"RAPPELS RÉGLEMENTAIRES"]
[null,"•  Le cahier est actualisé après chaque épandage et conservé au moins 5 campagnes."]
[null,"•  En zone vulnérable, l'azote issu des effluents d'élevage est plafonné à 170 kg N/ha/an."]
[null,"•  Pour chaque apport : date, îlot, nature du produit, teneur en azote et quantité totale apportée."]
[null,"•  Épandage interdit sur sol gelé, enneigé, détrempé ou en forte pente ; respecter les distances aux cours d'eau."]
[null,"•  Noter la date de récolte et le rendement réalisé pour justifier les apports."]
[null,"LÉGENDE"]
[null,null,"Cellule à saisir par l'utilisateur"]
[null,null,"Calcul automatique — ne pas modifier"]
[null,null,"Statut : Conforme"]
[null,null,"Statut : À surveiller (proche du plafond)"]
[null,null,"Statut : Dépassement du plafond 170 kg N/ha"]

{"sheet":"Paramètres","index":5,"n_rows":7,"n_cols":4,"rows_kept":7,"hidden":true}
["Conditions du sol","Matériel d'épandage","Oui / Non","Catégorie"]
["Sol ressuyé","Épandeur à fumier","Oui","Organique"]
["Sol sec","Tonne à lisier à pendillards","Non","Minéral"]
["Sol frais","Enfouisseur"]
["Sol légèrement humide","Rampe à buses"]
["Après enfouissement","Distributeur centrifuge"]
[null,"Localisateur d'engrais"]